000 00399nam a22001457a 4500
003 SGT
082 _a617.84
_bE25S
100 _aSINGHAL, RASHI
245 _aEFFECT OF TWO SENSORY STIMULATIONS ON RECOVERY IN UNCONCIOUS TRAUMATIC BRAIN INJURY PATIENTS: COMPARATIVE STUDY
260 _aGURUGRAM
_bSGT UNIVERSITY
_c2025
300 _a102
650 _aNEUROLOGY
653 _aMPT
942 _2ddc
_cTH
999 _c32580
_d32580